000 00838nam0a22002291 4500
001 rc\2634466
005 20110914172904.4
035 _a(NLR Aleph) 006797879
090 _a6212378
_c6212378
100 _a20110914d1932 |||y0rusy50 ca
101 0 _arus
102 _aRU
105 _aa z |||||
200 1 _aОрганизация ухода и уборки табака и махорки в колхозах
_fВ. С. Кушлю
210 _aМосква
_aЛенинград
_cСельколхозгиз
_d1932
_g18 тип. треста "Полиграфкнига"
215 _aОбл., 40 с., включ. тит. л.
_cил.
_d20х13 см.
700 1 _aКушлю
_bВ. С.
_gВалериан Соломонович
801 0 _aRU
_bNLR
_gpsbo
801 1 _aRU
_bELAR
_2rusmarc
852 _aNLR
_j32-8/6515
942 _cBOOK
980 _aNB